Mitchell's Structure and fabric (Record no. 107611)

MARC details
000 -LEADER
fixed length control field 01555cam a22003495a 4500
001 - CONTROL NUMBER
control field L141147
008 - FIXED-LENGTH DATA ELEMENTS--GENERAL INFORMATION
fixed length control field 071030s2007 xxka f 001 0 eng d
020 ## - INTERNATIONAL STANDARD BOOK NUMBER
International Standard Book Number 9781408250006
035 ## - SYSTEM CONTROL NUMBER
System control number (Sirsi) u141147
041 0# - LANGUAGE CODE
Language code of text/sound track or separate title eng
050 04 - LIBRARY OF CONGRESS CALL NUMBER
Classification number 690 $2 18
100 1# - MAIN ENTRY--PERSONAL NAME
Personal name Foster, Jack Stroud
240 ## - UNIFORM TITLE
Uniform title Mitchell's structure and fabric
245 00 - TITLE STATEMENT
Title Mitchell's Structure and fabric
Remainder of title part 2
Medium [electronic resource]
250 ## - EDITION STATEMENT
Edition statement 7th ed.
260 ## - PUBLICATION, DISTRIBUTION, ETC.
Place of publication, distribution, etc. Harlow
Name of publisher, distributor, etc. Pearson Education
Date of publication, distribution, etc. 2007
300 ## - PHYSICAL DESCRIPTION
Extent eBook
490 #0 - SERIES STATEMENT
Series statement Mitchell's Building Series
505 2# - FORMATTED CONTENTS NOTE
Formatted contents note Contract planning and organisation -- Foundations -- Walls and piers -- Multi-storey structures -- Floor structures -- Chimney shafts, flues and ducts -- Stairs, ramps and ladders -- Roof structures -- Fire safety -- Temporary works
520 ## - SUMMARY, ETC.
Summary, etc. Provides a detailed appraisal of the techniques used in the construction of various types of building, and builds on the construction principles introduced in part one (ISBN 9780131970946). Incorporates recent changes in building regulations, national and European standards, and related research papers.
520 ## - SUMMARY, ETC.
Summary, etc. Supersedes 6th edition (ISBN 0582405203).
521 2# - TARGET AUDIENCE NOTE
Target audience note Advanced
590 ## - LOCAL NOTE (RLIN)
Local note KA
650 24 - SUBJECT ADDED ENTRY--TOPICAL TERM
Topical term or geographic name entry element EBOOK
651 #4 - SUBJECT ADDED ENTRY--GEOGRAPHIC NAME
Geographic name United Kingdom
Chronological subdivision
690 ## - LOCAL SUBJECT ADDED ENTRY--TOPICAL TERM (OCLC, RLIN)
Topical term or geographic name as entry element BUILT ENVIRONMENT-BUILDING ELEMENTS-COMPLETE BUILDING ELEMENTS
700 1# - ADDED ENTRY--PERSONAL NAME
Personal name Harington, Raymond
700 1# - ADDED ENTRY--PERSONAL NAME
Personal name Greeno, Roger
856 48 - ELECTRONIC LOCATION AND ACCESS
Uniform Resource Identifier <a href="https://www.vlebooks.com/">https://www.vlebooks.com/</a>
Public note View on VLEbooks. Logins for members only from [email protected]
942 ## - ADDED ENTRY ELEMENTS (KOHA)
Suppress in OPAC 0
Holdings
Withdrawn status Lost status Damaged status Not for loan Home library Current library Shelving location Date acquired Cost, normal purchase price Total Checkouts Full call number Barcode Date last seen Date last checked out Copy number Cost, replacement price Price effective from Koha item type Source of classification or shelving scheme
  Missing from bundle     London London Books 18/12/2007 32.29 15 690 FOS 30074372 06/08/2019 25/09/2009 1 32.29 06/08/2019 Book  
  Missing from bundle     London London Missing 18/12/2007 32.29 21 690 FOS 30074376 06/08/2019 23/07/2010 2 32.29 06/08/2019 Book  
        Virtual Virtual Online 10/02/2010 41.99   EBOOK 141147-3001 06/08/2019   1 41.99 06/08/2019 Book Dewey Decimal Classification